000
00224nam a22000977a 4500
999
_c
16101
_d
16101
003
OSt
008
191106b ||||| |||| 00| 0 eng d
100
_a
Gandhi,M K.
_9
4546
245
_a
Hindi and english in the south
942
_c
BK